000 00550cam a22001457a 4500
008 180718b1951 xxu||||| |||| 00| 0 eng d
082 _aCox42 L319
100 _aLapsley, Gaillard T.
245 _aCrown, community and parliament in the later middle ages: studies in English constitutional history
_cby Gaillard T. Lapsle and edited by Helen M. Cam & Geoffrey
260 _aOxford
_bBlackwell
_c1951
300 _axiii, 420p
650 _aConstitutional history --Great Britain
700 _aBarraclough, Geoffrey, ed.
700 _aCam, Helen M., ed.
999 _c423150
_d423150